000 00694nab a2200193 4500
001 244442
003 OSt
005 20250815090708.0
007 tu
008 200917s2020|||||||
040 _aDE-2950
_cDE-2950
245 0 0 _aLässt die Stadt 100.000 Euro liegen?
_bImmobilie. Der Sanierungsbedarf im Planetarium im Wasserturm ist groß. Ein Spender will nun eine große Summe bereitstellen. Doch dafür braucht es die Unterstützung der Verwaltung/
_cOle Rockrohr, Thomas Gutke
264 _c2024
653 _aFrankfurt (Oder)
653 _aPlanetarium
653 _aSpende
773 0 _g36. Jahrgang (2025) Nr. 184 vom 09.08.2025, S. 19 mit Foto
_tMärkische Oderzeitung
942 _2z
_cA
999 _c373952
_d373952